Quizz Culture et Loisirs 2 - Statistiques

Statistiques générales
  • Ce quiz a été pris 67 fois
  • Le résultat moyen est 10 sur 30
Statistiques - réponses
Question Réponse % Correct
Qu'est-ce qu'est La Chose dans La Famille Addams ? Une main
93%
Complète la phrase : "Il n'y a pas de fumée..." ? Sans feu
81%
Dans la série Malcolm, Malcolm est le combientième enfant de sa fratrie ? Troisième
75%
Quelle marque de chips arbore une mascotte connue pour son élégante moustache ? Pringles
69%
Quelle est la phrase prononcée par Dora l'exploratrice pour faire fuir Chipeur le renard ? Chipeur arrête de chiper !
68%
Dans le jeu des Loups-Garous, qui peut tuer le joueur de son choix juste au moment de sa mort ? Le chasseur
64%
Qui a peint La Nuit Étoilée ? Vincent Van Gogh
64%
Dans la franchise Transformers, comment est appelé le robot le plus puissant ? Optimus Prime
61%
À quel endroit de sa niche Snoopy dort-il ? Sur le toit
56%
Quel métier exercent les parents de Tom-Tom et Nana ? Cuisiniers
51%
Dans Retour vers le Futur 2, en quelle année Marty et le Doc se retrouvent lorsqu'ils vont dans le futur ? 2015
49%
Dans Jurassic Park, à partir de quoi à été extrait l'ADN du T-Rex ? Un moustique
36%
Quel est le nom du sous-marin dans le roman 20 000 lieux sous les mers ? Le Nautilus
34%
Dans Avengers, quel est l'artefact qui donne à Thanos ses pouvoirs omnipotents ? Le Gant de l'Infini
32%
Qui est le dieu du soleil dans la mythologie grecque ? Hélios
25%
À quelle famille appartient le chien au cœur d'une célèbre enquête de Sherlock Holmes ? Les Baskerville
25%
Quel pouvoir donne le mini-boss Bonkers dans les jeux Kirby ? Marteau
19%
Dans Miraculous, quel animal est le Kwaami (familier, compagnon...) de Maître Fu ? Une tortue
17%
Dans Undertale, quel est le plat favori de Papyrus ? Les spaghetti
14%
Dans Spy X Family, que peut voir le chien Bond ? Le futur
12%
De quel pays est originaire Blanka des jeux Street Fighter ? Brésil
10%
Dans Yu-Gi-Oh, quelle carte permet de faire des fusions ? Polymérisation
8%
Avec quoi est faite la tête de l'épouvantail dans Le Château Ambulant ? Un navet
8%
Les fruits de Crash Bandicoot sont souvent confondus avec des pommes. Mais que sont-ils en réalité ? Des fruits Wumpa
7%
Dans Alice au Pays des Merveille, qui organise la course Saugrenue ? Le dodo
5%
Dans Cardcaptor Sakura, qui est le créateur des cartes ? Clow
3%
Dans Bleach, qui est le capitaine de la 7e division ? Sajin Komamura
3%
Dans Final Fantasy VII, quelle matéria permet de lancer une magie d'empoisonnement ? Bio
0%
Dans quel livre du Dr Seuss l'un des protagonistes refuse de goûter un plat d'une couleur inhabituelle ? Les œufs verts au jambon
0%
Quel album de Lucky Luke met en scène deux familles se détestant l'une et l'autre ? Les rivaux de Painful Gulch
0%
Aucun quiz correspondant
Distribution des résultats
% des personnes avec chaque résultat
Percentile par nombre de réponses
Votre historique - résultats
Vous n’avez pas pris ce quiz